000
00325pam a2200145 a 4500
020
_c
041
_a
eng
082
_a
576.6482
_b
HAY
100
_a
Hayes W.,.
245
_a
Genetics Of Bacteria And Their Viruses
_h
Textual Documents
250
_a
1984.
260
_a
New Delhi:
_b
CBS Pub.
300
_a
925p.
930
_a
3423
999
_c
80343
_d
80343